Computer literacy through applications / (Record no. 305)
[ view plain ]
| 000 -LEADER | |
|---|---|
| fixed length control field | nam a22 a 4500 |
| 005 - DATE AND TIME OF LATEST TRANSACTION | |
| control field | 20170503103626.0 |
| 008 - FIXED-LENGTH DATA ELEMENTS--GENERAL INFORMATION | |
| fixed length control field | 170503b1986 -us||||| |||| 00| 0 eng d |
| 040 ## - CATALOGING SOURCE | |
| Original cataloging agency | AKMAL |
| 082 ## - DEWEY DECIMAL CLASSIFICATION NUMBER | |
| Classification number | 001.6 BAR |
| 090 ## - LOCALLY ASSIGNED LC-TYPE CALL NUMBER (OCLC); LOCAL CALL NUMBER (RLIN) | |
| Classification number (OCLC) (R) ; Classification number, CALL (RLIN) (NR) | 001.6 |
| Local cutter number (OCLC) ; Book number/undivided call number, CALL (RLIN) | BAR |
| 100 1# - MAIN ENTRY--PERSONAL NAME | |
| Personal name | Kurshan, Barbara L |
| 9 (RLIN) | 685 |
| 245 10 - TITLE STATEMENT | |
| Title | Computer literacy through applications / |
| Statement of responsibility, etc. | Barbara L. Kurshan, Alan C. November, Jane D. Stone |
| 260 ## - PUBLICATION, DISTRIBUTION, ETC. | |
| Place of publication, distribution, etc. | Boston : |
| Name of publisher, distributor, etc. | H. Mifflin, |
| Date of publication, distribution, etc. | 1986 |
| 300 00 - PHYSICAL DESCRIPTION | |
| Extent | 288p. : |
| Other physical details | col.ill. ; |
| Dimensions | 27cm |
| 490 0# - SERIES STATEMENT | |
| Series statement | Houghton Mifflin computer education program |
| 650 #0 - SUBJECT ADDED ENTRY--TOPICAL TERM | |
| Topical term or geographic name entry element | Computers |
| General subdivision | Study and teaching |
| 9 (RLIN) | 646 |
| 700 1# - ADDED ENTRY--PERSONAL NAME | |
| Personal name | November, Alan C. |
| 9 (RLIN) | 686 |
| 700 1# - ADDED ENTRY--PERSONAL NAME | |
| Personal name | Stone, Jane D. |
| 9 (RLIN) | 687 |
| 942 ## - ADDED ENTRY ELEMENTS (KOHA) | |
| Source of classification or shelving scheme | |
| Koha item type | Book |
| Withdrawn status | Lost status | Source of classification or shelving scheme | Damaged status | Not for loan | Collection code | Home library | Current library | Shelving location | Date acquired | Inventory number | Total Checkouts | Full call number | Barcode | Date last seen | Price effective from | Koha item type |
|---|---|---|---|---|---|---|---|---|---|---|---|---|---|---|---|---|
| NON-FICTION | AKMAL Melaka | AKMAL Melaka | PINJAMAN | 03.05.2017 | 000030 | 001.6 BAR | 201701160 | 03.05.2017 | 03.05.2017 | Book |
